000 00282nam a2200121Ia 4500
008 191201s2011 xx 000 0 und d
100 _aMUNDHRA,Vikas
245 0 _aTax Law Module I Paper 3
260 _aN. Delhi
_bRoshan Lodha
_c2011
300 _a-
650 _aMBA
942 _2ddc
_cBK
999 _c360
_d360